000 00334nam a2200145 i 4500
001 bg
100 1 _aOSYCZKA, Andrzej
245 0 _aFortran w przykładach i zadaniach /
_cA. Osyczka.
250 _aWyd.4.
260 _aKraków,
_c1987.
040 _cBPK
041 _apol
942 _cKS
008 s pl f |000 0 pol
999 _c3874
_d3874
856 _uhttp://koha.tu.koszalin.pl/cgi-bin/koha/opac-detail.pl?biblionumber=3874
_yKatalog online BPK